000 00861nam a2200301Ia 4500
001 9901
003 IT-RoPAU
008 130308s9999 xx 000 0 und d
040 _aIT-RoPAU
040 _cIT-RoPAU
041 _aINGLESE
100 _aPlant Derrick
100 _gCodice Aut. SPICS: 2489
245 _aAids for the Training of Conference Interpreters
245 _bAudiovisivi e L'Insegnamento delle Lingue Moderne (Gli)
250 _a1a ed.
260 _aMILANO
260 _bComune Di Milano
260 _c1968 [1° Ed.:1968 - Ed.Ling.Originale:1968]
300 _a"13 p. (prefazione: no ; testo: 13 [pagine: 15-27])"
500 _aAiuti per la Formazione di interpreti di Conferenza
650 _aDIDATTICA AUDIOVISIVA
650 _eCodice materia Spics: 4002
942 _cBK
957 _71
999 _c45850
_d45850
999 _bSI
999 _g1